000 00573nam a2200205Ia 4500
005 20250923145049.0
008 008 250917s9999 xx 000 0 eng d
037 _aTextual
040 _aDSWL
_beng
_cDSWL
041 _aeng
_2eng
084 _aY1:52:5, K5
_qDSWL
100 _aDraper, E.
_9831422
245 0 _aBirth control in the modern world
_cby E. Draper
260 _aLondon
_bGeorge Allen & Unwin Ltd.
_c1965
300 _axii,152p.
365 _aINR
_b28
925 _g28
942 _cTEXL
_hY1:52:5, K5
999 _c1446649
_d1446649